Statistiken für Größte Deutsche Seen nach Fläche

Klicken Sie hier um das Quiz zu spielen!

Allgemein

  • Dieses Quiz wurde 269 mal gespielt
  • Das Durchschnittsergebnis liegt bei 5 aus 10

Antwortstatistiken

FlächeBundeslandAntwort% Korrekt
536,00 km² (1)Baden-Württemberg / BayernBodensee
97%
79,90 km²BayernChiemsee
89%
112,60 km²Mecklenburg-VorpommernMüritz
76%
56,36 km²BayernStarnberger See
63%
29,10 km²NiedersachsenSteinhuder Meer
53%
46,60 km²BayernAmmersee
45%
28,40 km²Schleswig-HolsteinGroßer Plöner See
32%
61,54 km²Mecklenburg-VorpommernSchweriner See
31%
38,40 km²Mecklenburg-VorpommernPlauer See
19%
32,55 km²Mecklenburg-VorpommernKummerower See
12%

Verteilung der Resultate

Perzentil nach korrekt beantworteten Fragen

Anzahl Personen mit jedem Resultat

Ihre Resultats-Entwicklung

Sie haben dieses Quiz noch nicht gespielt